000 00937nam a2200289 i 4500
001 000028670
003 DO-SdBNP
005 20250602103804.0
007 ta
008 250602s1997 dr ag 000 0 spa d
040 _aDO-SdBNP
_bspa
_cBNPHU
_erda
041 _hspa
082 4 _axxx
_bS232c
_222
100 1 _aSantana, Josué
_eautor
_955642
245 1 0 _aCuadernos de arte no. 6 :
_beducación musical
_cJosué Santana, Adamilka Victoria y Leila Pérez y Pérez
250 _aPrimera edición
264 _aSanto Domingo :
_bSecretaria de Educación y Cultura
_c1997.
300 _a69 páginas :
_bilustraciones y música ;
_c28 cm.
336 _2rdacontent
_atexto
_btxt
337 _2rdamedia
_asin mediación
_bn
338 _2rdacarrier
_avolumen
_bnc
590 _aInventariado, 2025/DG
700 1 _aVictoria, Adamilka
_eautora
_955643
700 1 _aPérez y Pérez, Leyla
_eautor
_987933
910 _aDG
942 _2ddc
_cLBS1
999 _c59113
_d59113